000 00590nam a2200277Ia 4500
005 20260401122443.0
008 008 250103s9999 xx 000 0 eng d
020 _a9780691164588
037 _aTB
040 _aEDL
040 _beng
040 _cEDL
041 _2eng
041 _aeng
084 _a828.91MEN
084 _qEDL
245 0 _aW.H. Auden Prose 1969-1973
260 _aNew Jersry
260 _bPrinceton University
260 _c2015
300 _a790p
942 _cTB
942 _h828.91MEN
999 _c1847392
_d1847392